| 000 | 00926nam a2200265Ia 4500 | ||
|---|---|---|---|
| 003 | OSt | ||
| 005 | 20220923221926.0 | ||
| 006 | a|||||r|||| 00| 0 | ||
| 007 | ta | ||
| 008 | 220922b |||||||| |||| 00| 0 mal d | ||
| 024 | _a201,153 | ||
| 037 | _cTextual | ||
| 040 |
_aARTS _cARTS _bmal |
||
| 041 |
_2mal _amal |
||
| 082 | _aO32,1M79x, 152K2 | ||
| 100 |
_aमैनन, वल्लतोल नारायण _9160180 |
||
| 245 | 0 |
_aकवि श्री माला _b मलयालम |
|
| 246 | _aKavi shrī mālā: malayālama | ||
| 260 |
_aवर्धा _b राष्ट्रभाषा प्रचार समिति _c1962 |
||
| 300 |
_a113पृ0 _ccm. |
||
| 490 | _adfo Jh ekyk | ||
| 650 |
_aमलयालम साहित्य _9156264 |
||
| 942 |
_hO32,1M79x, 152K2 _cTEXL _2CC |
||
| 999 |
_c352806 _d352806 |
||